00749 am a2200193 a 450000500170000000800410001702000150005804100080007310000200008124500810010125000830018226000590026530000110032450001580033565300120049365300120050565300140051770000240053120240507084240.0100304s1997||||ag a f |||| 001 0 spa d a9500601516 aspa1 aBouchet, Alain. aAnatomía Descriptiva, Topográfica y Funcional.bAbdomen /cAlain Bouchet a1a ed.bTraducción Ernesto Brik ; Germán Niedfeld y Antonio Méndez Anell aBuenos Aires:bEditorial Médica Panamericana;c1997. a352 p. aBouchet, A. y Cuilleret, J. (1997). Anatomía descriptiva, topográfica y funcional. Abdomen. (1a ed.). Buenos Aires : Editorial Médica Panamericana. aAbdomen aParedes aContenido1 aCuilleret, Jacques.